000 00237nam a2200121Ia 4500
100 _a#N/A
650 _aComputer/ IT
942 _cBK
654 _amovies
245 _aDigit June 2008 7 Free Moves
260 _b#N/A
546 _aENGLISH
999 _c28678
_d28678